KOHA-Header-6

India Wins Freedom the complete version (Record no. 14014)

000 -LEADER
fixed length control field 00296nam a22001217a 4500
020 ## - INTERNATIONAL STANDARD BOOK NUMBER
ISBN 9788125005148
082 ## - DEWEY DECIMAL CLASSIFICATION NUMBER
Classification number 954
100 ## - MAIN ENTRY--AUTHOR NAME
Personal name Maulana Abul Kalam Azad
245 ## - TITLE STATEMENT
Title India Wins Freedom the complete version
260 ## - PUBLICATION, DISTRIBUTION, ETC. (IMPRINT)
Place of publication New Delhi
Name of publisher Orient BlackSwan
Year of publication 2011
300 ## - PHYSICAL DESCRIPTION
Number of Pages 283 pages
942 ## - ADDED ENTRY ELEMENTS (KOHA)
Koha item type Books
Holdings
Withdrawn status Lost status Collection code Permanent Location Current Location Shelving location Date acquired Full call number Accession Number Koha item type
    English Literature MAJU MAJU Shelf No.A14 2025-06-04 954 7910 Books

Powered by Koha